000 01033nam a2200265 i 4500
001 180089
003 ES-MaACL
005 20230928114652.0
008 120416s1994 sp abeo |||| | spa d
020 _a84-87319-97-1
080 _a904(460.283)"04/07"
100 1 _aLópez Requena, Mercedes.
_9149774
245 1 3 _aLa necrópolis de la Dehesa de la Casa
_b: una aproximación al estudio de la época visigoda en la provincia de Cuenca /
_cMercedes López Requena, Rafael Barroso Cabrera.
260 _aCuenca :
_bDiputación de Cuenca,
_c[1994]
300 _a150 p. :
_bil., fot., planos ;
_c26 cm.
490 1 _aArqueología conquense ;
_v12
500 _aÍndice.
651 4 _aCuenca (Provincia)-
_xRestos arqueológicos.
_9149775
700 1 _aBarroso Cabrera, Rafael.
_9149776
710 1 _aCuenca (Provincia).
_bDiputación Provincial.
_93346
830 0 _aArqueología conquense ;
_v12
_9187605
852 _aES-MaACL
_jA-12047
_9186999
_bR.146870
_cDEPO1
_dOlim: N-5052
942 _2udc
999 _c180089
_d180089